000 00729cam a22002531 4500
001 sa 67006901
003 DLC
005 20260227112411.0
008 760913s1967 ii a b 000 0 eng
010 _asa 67006901
035 _a(OCoLC)2429035
040 _aDLC
_cNNU
_dDLC
042 _apremarc
050 0 0 _aBL2030.B4
_bR6
082 _a291.3/5
100 2 _aRoy Choudhury, Pranab Chandra,
_d1903-
245 1 0 _aTemples and legends of Bengal,
_cby P. C. Roy Choudhury.
250 _a[1st ed.]
260 _aBombay,
_bBharatiya Vidya Bhavan,
_c1967.
300 _axix, 167 p.
_billus.
_c19 cm.
440 0 _aBhavan's book university,
_v147
504 _aBibliographical footnotes.
650 0 _aTemples
_zIndia
_zBengal.
999 _c76224
_d76224